[Event "WW Open"]
[Site "?"]
[Date "2017.11.18"]
[Round "3.7"]
[White "Guy, David"]
[Black "Young, Alan"]
[Result "1/2-1/2"]
[WhiteElo "1850"]
[BlackElo "2101"]
[PlyCount "56"]
[EventDate "2017.12.01"]
[SourceDate "2017.12.01"]

1. d4 d5 2. c4 dxc4 3. Nf3 a6 4. a4 Nf6 5. Nc3 Nc6 6. e4 Bg4 7. Be3 Bxf3 8.
gxf3 e5 9. dxe5 Nxe5 10. f4 Nd3+ 11. Bxd3 Qxd3 12. Qxd3 cxd3 13. f3 O-O-O 14.
O-O-O Bb4 15. Rhg1 Rhg8 16. Rg5 b6 17. Na2 Be7 18. Re5 Rge8 19. Nc3 Kb7 20. Na2
Rd7 21. b4 c5 22. bxc5 bxc5 23. Kd2 Rc8 24. Rb1+ Ka8 25. Rb6 Ka7 26. Rb3 Ne8
27. Nc3 Nf6 28. Na2 Ne8 1/2-1/2

[Event "WW Open"]
[Site "?"]
[Date "2017.11.18"]
[Round "3.8"]
[White "James, Dai"]
[Black "Gibbons, Andrew"]
[Result "1/2-1/2"]
[WhiteElo "1893"]
[BlackElo "2010"]
[PlyCount "112"]
[EventDate "2017.12.01"]
[SourceDate "2017.12.01"]

1. e4 c5 2. Nc3 Nc6 3. g3 g6 4. d3 Bg7 5. Bg2 d6 6. Nge2 Nf6 7. O-O O-O 8. h3
Ne8 9. Be3 Nd4 10. f4 f5 11. Qd2 Rb8 12. Nd1 b6 13. c3 Nxe2+ 14. Qxe2 Bb7 15.
Nf2 Nf6 16. Rae1 Qc7 17. g4 e6 18. Bf3 c4 19. Bc1 cxd3 20. Qxd3 Rbe8 21. Rd1
fxe4 22. Nxe4 Nxe4 23. Bxe4 Bxe4 24. Qxe4 d5 25. Qd3 Bh6 26. f5 Bxc1 27. Rxc1
Qc5+ 28. Kh1 exf5 29. gxf5 Re3 30. Qd2 Rxh3+ 31. Kg2 Qe3 32. Qxd5+ Rf7 33. Qd8+
Kg7 34. Qd4+ Qxd4 35. cxd4 Rd3 36. fxg6 Rd2+ 37. Kg3 Rxf1 38. Rxf1 Kxg6 39. Kf4
Rxd4+ 40. Ke5 Ra4 41. a3 Ra5+ 42. Ke4 h5 43. Rg1+ Rg5 44. Rf1 h4 45. Rh1 Rh5
46. Rh3 Kg5 47. Kf3 Rh6 48. Kg2 Kg4 49. Rd3 Rf6 50. Rd7 a5 51. b4 axb4 52. axb4
b5 53. Rg7+ Kf4 54. Kh3 Ke3 55. Rg5 Rf3+ 56. Kg2 Rf2+ 1/2-1/2

[Event "WW Open"]
[Site "?"]
[Date "2017.11.18"]
[Round "3.9"]
[White "Bevan, Peter"]
[Black "McCarthy, Moss"]
[Result "1-0"]
[WhiteElo "1965"]
[BlackElo "1950"]
[PlyCount "61"]
[EventDate "2017.12.01"]
[SourceDate "2017.12.01"]

1. c4 Nf6 2. g3 e6 3. Nf3 d5 4. Bg2 Be7 5. O-O O-O 6. b3 c5 7. e3 Nc6 8. Re1 b6
9. Bb2 Qc7 10. Nc3 Bb7 11. cxd5 exd5 12. d4 Rad8 13. Rc1 Ne4 14. dxc5 Nxc3 15.
Bxc3 bxc5 16. Qc2 Rfe8 17. Red1 Qb6 18. Qb2 Bf8 19. Qc2 Nb4 20. Qb1 h6 21. Ne5
d4 22. Nc4 Bxg2 23. Nxb6 Be4 24. Qa1 dxc3 25. Rxc3 Bf3 26. Nd7 Re7 27. Nf6+
gxf6 28. Rxd8 Re5 29. Rc4 Kg7 30. Rf4 Be7 31. Rd7 1-0

[Event "WW Open"]
[Site "?"]
[Date "2017.11.18"]
[Round "3.10"]
[White "May, Adam"]
[Black "Smith, Lynda"]
[Result "1-0"]
[WhiteElo "2036"]
[BlackElo "1967"]
[PlyCount "131"]
[EventDate "2017.12.01"]
[SourceDate "2017.12.01"]

1. c4 f5 2. g3 Nf6 3. Bg2 g6 4. Nc3 Bg7 5. d3 d6 6. e4 c6 7. Nge2 O-O 8. O-O e5
9. f3 Be6 10. b3 a5 11. Be3 Na6 12. Qd2 d5 13. cxd5 cxd5 14. d4 fxe4 15. dxe5
exf3 16. Bxf3 Ng4 17. Bxg4 Bxg4 18. Rxf8+ Kxf8 19. Rf1+ Kg8 20. Nf4 Bxe5 21.
Bd4 Bxd4+ 22. Qxd4 Bf5 23. Nfxd5 Nb4 24. Nf6+ Kf7 25. Qxd8 Rxd8 26. Nxh7 Kg7
27. Ng5 Bd3 28. Rc1 Kf6 29. Nce4+ Bxe4 30. Nxe4+ Ke5 31. Nc5 Rd5 32. Nxb7 Nxa2
33. Ra1 Nb4 34. Rxa5 Rxa5 35. Nxa5 Kd4 36. Kf2 Kc3 37. Kf3 Nd5 38. h4 Kb4 39.
Nc4 Kxb3 40. Ne5 Ne7 41. Kg4 Kc3 42. Kg5 Nf5 43. g4 Nd4 44. Kxg6 Ne2 45. h5
Nf4+ 46. Kf7 Kd4 47. Nf3+ Ke4 48. h6 Kxf3 49. h7 Kxg4 50. h8=Q Kf3 51. Qe5 Nd3
52. Qd4 Nf4 53. Kf6 Nh5+ 54. Ke5 Ng3 55. Qf4+ Kg2 56. Qg4 Kf2 57. Kd4 Ne2+ 58.
Kd3 Ng3 59. Qd4+ Kg2 60. Qf6 Nf1 61. Ke2 Ng3+ 62. Ke1 Kh3 63. Qg6 Kg2 64. Qg4
Kh2 65. Kf2 Kh1 66. Qh4# 1-0

[Event "WW Open"]
[Site "?"]
[Date "2017.11.18"]
[Round "3.11"]
[White "Howells, Chris"]
[Black "Di-Vetta, Andrew"]
[Result "1/2-1/2"]
[WhiteElo "1909"]
[BlackElo "1806"]
[PlyCount "125"]
[EventDate "2017.12.01"]
[SourceDate "2017.12.01"]

1. d4 Nf6 2. c4 e6 3. Nf3 d5 4. cxd5 exd5 5. Bg5 Be7 6. Nc3 c6 7. e3 Be6 8. Bd3
h6 9. Bxf6 Bxf6 10. b4 O-O 11. O-O Nd7 12. b5 c5 13. dxc5 Nxc5 14. Rc1 Qb6 15.
Be2 Rfd8 16. Nd4 Rac8 17. Bf3 Qa5 18. Nce2 Ne4 19. Nxe6 fxe6 20. Bxe4 Rxc1 21.
Qxc1 dxe4 22. Qc4 Kh8 23. Ng3 a6 24. bxa6 Qxa6 25. Qxa6 bxa6 26. Nxe4 Be7 27.
g3 Bb4 28. Rc1 a5 29. Rc2 e5 30. h4 Rd1+ 31. Kg2 a4 32. Nc3 Bxc3 33. Rxc3 Rd2
34. Ra3 g5 35. hxg5 hxg5 36. Rxa4 Kg7 37. g4 e4 38. Kg3 Kf6 39. Ra6+ Ke5 40. a4
Ra2 41. Ra5+ Kf6 42. Ra8 Ra1 43. a5 Kg7 44. a6 Rg1+ 45. Kh3 Ra1 46. a7 Kh7 47.
Re8 Rxa7 48. Rxe4 Kg6 49. Re5 Ra3 50. Rf5 Rb3 51. Kg3 Rb1 52. f3 Rb2 53. e4 Re2
54. Rd5 Kf6 55. Rd6+ Kg7 56. Rd3 Kf6 57. Rd6+ Kg7 58. Rd4 Kf6 59. f4 Re3+ 60.
Kf2 gxf4 61. Rd5 Rxe4 62. Kf3 Ra4 63. Rf5+ 1/2-1/2

[Event "WW Open"]
[Site "?"]
[Date "2017.11.18"]
[Round "3.12"]
[White "Probert, Malcolm"]
[Black "Boyd, C Christopher"]
[Result "0-1"]
[WhiteElo "1641"]
[BlackElo "1950"]
[PlyCount "114"]
[EventDate "2017.12.01"]
[SourceDate "2017.12.01"]

1. Nf3 Nc6 2. g3 e5 3. d3 d5 4. Bg2 f5 5. O-O Nf6 6. e3 Bd6 7. b3 O-O 8. c4 e4
9. dxe4 fxe4 10. Nd4 Bg4 11. Qd2 Be5 12. Bb2 dxc4 13. Qc2 Nxd4 14. Bxd4 Bxd4
15. Qxc4+ Rf7 16. exd4 Qe7 17. Re1 Be6 18. Qe2 Bd5 19. Nc3 c6 20. f3 Qb4 21.
Nxe4 Qxd4+ 22. Kh1 Nxe4 23. fxe4 Rf2 24. Qe3 Qxe3 25. Rxe3 Be6 26. Rf3 Re2 27.
Rff1 Rd8 28. Bf3 Rb2 29. Rfd1 Rdd2 30. Rxd2 Rxd2 31. Kg1 Kf7 32. h4 Ke7 33. Kf1
a5 34. Be2 Kd6 35. Rd1 Rxd1+ 36. Bxd1 Ke5 37. Ke2 Kd4 38. Kf3 b5 39. Kf4 h6 40.
a3 c5 41. e5 c4 42. b4 axb4 43. axb4 c3 44. Bc2 Kc4 45. Ke4 Bg8 46. Ke3 Kd5 47.
Kd3 Bh7+ 48. Kxc3 Bxc2 49. Kxc2 Kxe5 50. Kd3 Kd5 51. Kc3 Ke4 52. Kc2 Kf3 53.
Kd3 Kxg3 54. Kd4 Kxh4 55. Kc5 g5 56. Kxb5 g4 57. Ka6 g3 0-1

[Event "WW Open"]
[Site "?"]
[Date "2017.11.18"]
[Round "3.13"]
[White "Buttell, David"]
[Black "Denham, Colin"]
[Result "1/2-1/2"]
[WhiteElo "1913"]
[BlackElo "1643"]
[PlyCount "91"]
[EventDate "2017.12.01"]
[SourceDate "2017.12.01"]

1. d4 Nf6 2. c4 e6 3. Nf3 d5 4. Nc3 Be7 5. Bg5 h6 6. Bh4 O-O 7. e3 dxc4 8. Bxc4
Nbd7 9. O-O Nb6 10. Bb3 Nfd5 11. Bxe7 Qxe7 12. Rc1 c6 13. a3 Rd8 14. Qc2 Nd7
15. Nxd5 exd5 16. Qd3 Re8 17. Bc2 Nf6 18. Ne5 g6 19. Qe2 h5 20. Rce1 Ng4 21.
Nxg4 Bxg4 22. f3 Bd7 23. b4 a5 24. Bd3 axb4 25. axb4 b5 26. Qc2 Kg7 27. Qc5 Qd8
28. e4 Ra3 29. Rd1 Ra2 30. Bb1 Ra4 31. exd5 cxd5 32. Bd3 Qe7 33. Qxd5 Rxb4 34.
Rfe1 Be6 35. Qe5+ f6 36. Qg3 g5 37. Bf5 Qf7 38. Bxe6 Rxe6 39. d5 Rxe1+ 40. Qxe1
Qa7+ 41. Kh1 Rd4 42. d6 Rxd1 43. Qxd1 Qd7 44. h3 b4 45. Qd5 b3 46. Qxb3 1/2-1/2

[Event "WW Open"]
[Site "?"]
[Date "2017.11.19"]
[Round "4.1"]
[White "Brown, Tom"]
[Black "Kett, Tim"]
[Result "0-1"]
[WhiteElo "2117"]
[BlackElo "2269"]
[PlyCount "52"]
[EventDate "2017.12.01"]
[SourceDate "2017.12.01"]

1. d4 d6 2. c4 e5 3. d5 f5 4. e4 fxe4 5. Nc3 Nf6 6. Nge2 Nbd7 7. Ng3 Nc5 8. Bg5
Be7 9. Bxf6 gxf6 10. Qh5+ Kf8 11. Qh6+ Kg8 12. b4 Nd3+ 13. Bxd3 exd3 14. O-O
Qf8 15. Qe3 f5 16. Qxd3 a6 17. Rae1 Bd7 18. f4 e4 19. Ncxe4 fxe4 20. Nxe4 h6
21. Nc5 Bf5 22. Qg3+ Kh7 23. Ne6 Qf7 24. Nd4 Rae8 25. Qf3 Bd8 26. g4 Bxg4 0-1

[Event "WW Open"]
[Site "?"]
[Date "2017.11.19"]
[Round "4.2"]
[White "Zeidler, Sven"]
[Black "Musson, Adam"]
[Result "0-1"]
[WhiteElo "2169"]
[BlackElo "2121"]
[PlyCount "64"]
[EventDate "2017.12.01"]
[SourceDate "2017.12.01"]

1. e4 e5 2. Nf3 Nc6 3. Nc3 Nf6 4. Be2 d5 5. exd5 Nxd5 6. O-O Nxc3 7. bxc3 e4 8.
Nd4 Nxd4 9. cxd4 Qxd4 10. c3 Qd5 11. d4 Be7 12. f3 Bf5 13. Rb1 O-O 14. Rb5 c5
15. c4 Qc6 16. d5 Qd7 17. Bb2 Bd6 18. Qb3 b6 19. fxe4 Bxe4 20. Qe3 f5 21. a4
Rae8 22. Bh5 g6 23. Bf3 f4 24. Qb3 Bxf3 25. Rxf3 Re1+ 26. Rf1 f3 27. gxf3 Rxf1+
28. Kxf1 Qh3+ 29. Kf2 Qxh2+ 30. Kf1 Qh3+ 31. Kf2 Bg3+ 32. Ke2 Re8+ 0-1

[Event "WW Open"]
[Site "?"]
[Date "2017.11.19"]
[Round "4.3"]
[White "Heap, Gerry"]
[Black "Hewitt, William"]
[Result "1-0"]
[WhiteElo "2132"]
[BlackElo "2110"]
[PlyCount "65"]
[EventDate "2017.12.01"]
[SourceDate "2017.12.01"]

1. c4 e5 2. Nc3 Nf6 3. Nf3 Nc6 4. e4 d6 5. h3 g6 6. d3 Bg7 7. Be3 O-O 8. Qd2
Ne8 9. Bh6 Be6 10. Bxg7 Kxg7 11. d4 exd4 12. Nxd4 Qf6 13. Nc2 Qe7 14. Be2 f5
15. exf5 Bxf5 16. Ne3 Be6 17. O-O Nf6 18. Ncd5 Qf7 19. Qc3 Kg8 20. Bf3 Rab8 21.
Rae1 Ne5 22. Nxf6+ Qxf6 23. Bd5 Bf7 24. f4 Nd7 25. Qd2 c6 26. Ng4 Qg7 27. Bxf7+
Rxf7 28. f5 Kh8 29. fxg6 Rxf1+ 30. Rxf1 Qxg6 31. Qd4+ Kg8 32. Qxa7 h5 33. Nf6+
1-0

[Event "WW Open"]
[Site "?"]
[Date "2017.11.19"]
[Round "4.4"]
[White "van Veelen, Thomas"]
[Black "Jones, Ian"]
[Result "1/2-1/2"]
[WhiteElo "1993"]
[BlackElo "2000"]
[PlyCount "42"]
[EventDate "2017.12.01"]
[SourceDate "2017.12.01"]

1. d4 Nc6 2. Nf3 d6 3. g3 e5 4. d5 Nce7 5. Bg2 g6 6. c4 Bg7 7. Nc3 f5 8. e4 Nf6
9. O-O O-O 10. Rb1 h6 11. Nd2 g5 12. exf5 Bxf5 13. Nde4 Qd7 14. b4 b6 15. Nxf6+
Rxf6 16. Ne4 Bxe4 17. Bxe4 a5 18. a3 axb4 19. axb4 Nf5 20. Bxf5 Qxf5 21. Be3
Rf7 1/2-1/2

[Event "WW Open"]
[Site "?"]
[Date "2017.11.19"]
[Round "4.5"]
[White "Pleasants, Allan"]
[Black "Bevan, Peter"]
[Result "1/2-1/2"]
[WhiteElo "2198"]
[BlackElo "1965"]
[PlyCount "53"]
[EventDate "2017.12.01"]
[SourceDate "2017.12.01"]

1. e4 c6 2. d4 d5 3. Nc3 dxe4 4. Nxe4 Nd7 5. Nf3 Ngf6 6. Ned2 Nb6 7. c3 Bg4 8.
h3 Bxf3 9. Nxf3 e6 10. Bd3 Be7 11. O-O O-O 12. Qe2 c5 13. dxc5 Bxc5 14. Bg5
Nbd7 15. Rad1 Qc7 16. Bc2 Rfe8 17. Ba4 Red8 18. Bxd7 Rxd7 19. Bxf6 gxf6 20.
Rxd7 Qxd7 21. Rd1 Qc7 22. Qd2 Rc8 23. Qd7 Be7 24. Rd4 b6 25. a4 f5 26. Kf1 Bf6
27. Rd3 1/2-1/2

[Event "WW Open"]
[Site "?"]
[Date "2017.11.19"]
[Round "4.6"]
[White "Young, Alan"]
[Black "Fathallah, Joe"]
[Result "1-0"]
[WhiteElo "2101"]
[BlackElo "1963"]
[PlyCount "45"]
[EventDate "2017.12.01"]
[SourceDate "2017.12.01"]

1. e4 e6 2. d4 d5 3. Nc3 Nf6 4. Bg5 Be7 5. e5 Nfd7 6. h4 a6 7. Qg4 Bxg5 8. hxg5
c5 9. Nf3 cxd4 10. Qxd4 Nc6 11. Qf4 Qc7 12. O-O-O Ndxe5 13. Kb1 Qb8 14. Nxd5
Bd7 15. Nxe5 Nxe5 16. Nb6 Ra7 17. Nc4 Nc6 18. Nd6+ Kd8 19. Qxf7 Kc7 20. Qxg7
Qg8 21. Qf6 Ra8 22. Nf7 Rf8 23. Qxh8 1-0

[Event "WW Open"]
[Site "?"]
[Date "2017.11.19"]
[Round "4.7"]
[White "Haigh, Tony"]
[Black "Heaven, Pete"]
[Result "0-1"]
[WhiteElo "1870"]
[BlackElo "2088"]
[PlyCount "36"]
[EventDate "2017.12.01"]
[SourceDate "2017.12.01"]

1. d4 Nf6 2. Bg5 d5 3. Bxf6 exf6 4. e3 c5 5. dxc5 Bxc5 6. Nc3 Be6 7. Nge2 O-O
8. g3 Qd7 9. Bg2 Rd8 10. O-O Nc6 11. a3 Rac8 12. Nd4 Ne5 13. Nce2 Bg4 14. c3
Bxd4 15. exd4 Nf3+ 16. Bxf3 Bxf3 17. h4 Qh3 18. Nf4 Qh1# 0-1

[Event "WW Open"]
[Site "?"]
[Date "2017.11.19"]
[Round "4.8"]
[White "Gibbons, Andrew"]
[Black "May, Adam"]
[Result "1/2-1/2"]
[WhiteElo "2010"]
[BlackElo "2036"]
[PlyCount "33"]
[EventDate "2017.12.01"]
[SourceDate "2017.12.01"]

1. c4 e6 2. Nc3 d5 3. e3 Nf6 4. Nf3 Be7 5. b3 b6 6. Bb2 Bb7 7. Be2 c5 8. cxd5
exd5 9. d4 O-O 10. O-O Nbd7 11. Rc1 Ne4 12. dxc5 Nxc3 13. Bxc3 bxc5 14. Qd3 Qb6
15. Rfd1 Rfd8 16. Qb5 a5 17. Qxb6 1/2-1/2

[Event "WW Open"]
[Site "?"]
[Date "2017.11.19"]
[Round "4.9"]
[White "James, Dai"]
[Black "Guy, David"]
[Result "1/2-1/2"]
[WhiteElo "1893"]
[BlackElo "1850"]
[PlyCount "91"]
[EventDate "2017.12.01"]
[SourceDate "2017.12.01"]

1. e4 e5 2. Nf3 Nc6 3. d4 exd4 4. Nxd4 Bc5 5. Nb3 Be7 6. Nc3 Nf6 7. Be3 d6 8.
f3 a6 9. Qd2 O-O 10. h4 Be6 11. h5 b5 12. g4 Ne5 13. Qf2 Qc8 14. O-O-O c5 15.
g5 Nfd7 16. Kb1 Nb6 17. Nd5 Bxd5 18. exd5 Nec4 19. Bh3 Qc7 20. Bc1 a5 21. f4 a4
22. Nd2 Nxd2+ 23. Qxd2 Nc4 24. Qd3 Rfb8 25. Bf5 a3 26. Bxh7+ Kf8 27. b3 Nb2 28.
Qf5 Nxd1 29. Rxd1 Qc8 30. Qe4 c4 31. Bf5 Qc7 32. h6 gxh6 33. Qd4 f6 34. gxf6
Bd8 35. f7 Qxf7 36. Rg1 Bf6 37. Qe3 Bg7 38. Rxg7 Qxg7 39. Be6 cxb3 40. Qxb3 Ra4
41. Bxa3 Rxa3 42. Qxa3 Qg1+ 43. Kb2 Qd4+ 44. Kb1 Qg1+ 45. Kb2 Qd4+ 46. Kb1
1/2-1/2

[Event "WW Open"]
[Site "?"]
[Date "2017.11.19"]
[Round "4.10"]
[White "Boyd, C Christopher"]
[Black "Howells, Chris"]
[Result "1/2-1/2"]
[WhiteElo "1950"]
[BlackElo "1909"]
[PlyCount "82"]
[EventDate "2017.12.01"]
[SourceDate "2017.12.01"]

1. e4 e5 2. Nc3 Nf6 3. Bc4 Bc5 4. d3 c6 5. Nf3 d6 6. h3 b5 7. Bb3 O-O 8. O-O
Be6 9. Bg5 Nbd7 10. d4 exd4 11. Nxd4 Bxb3 12. Nxc6 Bxc2 13. Qxc2 Qb6 14. Ne7+
Kh8 15. Nf5 Rac8 16. Qb3 a6 17. Rad1 Rce8 18. Nd5 Nxd5 19. Qxd5 Re5 20. Qd3
Rfe8 21. Nxd6 Bxd6 22. Qxd6 Qxd6 23. Rxd6 Nc5 24. Be3 Nxe4 25. Rxa6 Nc5 26. Ra7
Kg8 27. Rc1 Nd3 28. Rcc7 Rf5 29. b3 Nf4 30. Re7 Rd8 31. a4 bxa4 32. bxa4 Rd1+
33. Kh2 h5 34. a5 Nd5 35. Re8+ Kh7 36. Bb6 h4 37. Rd8 Rb1 38. Rdd7 Nxb6 39.
axb6 Rxf2 40. Rxf7 Rxf7 41. Rxf7 Rxb6 1/2-1/2

[Event "WW Open"]
[Site "?"]
[Date "2017.11.19"]
[Round "4.11"]
[White "McCarthy, Moss"]
[Black "Di-Vetta, Andrew"]
[Result "1-0"]
[WhiteElo "1950"]
[BlackElo "1806"]
[PlyCount "103"]
[EventDate "2017.12.01"]
[SourceDate "2017.12.01"]

1. d4 Nf6 2. c4 g6 3. Nc3 d5 4. cxd5 Nxd5 5. e4 Nxc3 6. bxc3 Bg7 7. Rb1 O-O 8.
Nf3 c5 9. Be3 Qa5 10. Qd2 Rd8 11. Rb5 Qa4 12. Rxc5 Na6 13. Bxa6 Qxa6 14. Qe2 b6
15. Qxa6 Bxa6 16. Rc7 e6 17. Kd2 Rdc8 18. Rxc8+ Rxc8 19. Kc2 Bb7 20. Nd2 Kf8
21. Rb1 Bc6 22. c4 Ke8 23. Kd3 Rd8 24. d5 f5 25. f3 Kf7 26. Bd4 e5 27. Bxb6
axb6 28. Rxb6 Be8 29. c5 Bf8 30. Kc4 Ra8 31. Rb7+ Kf6 32. c6 Rxa2 33. Nb3 Rxg2
34. Rxh7 Ra2 35. Kb5 Bd6 36. Na5 Rb2+ 37. Ka6 fxe4 38. fxe4 Rb4 39. Nb7 Bb8 40.
c7 Bxc7 41. Rxc7 Rxe4 42. Nd6 Ra4+ 43. Kb6 e4 44. Nxe8+ Ke5 45. d6 Rd4 46. Re7+
Kf4 47. Kc5 Rd2 48. d7 Rxd7 49. Rxd7 e3 50. Kd4 e2 51. Re7 Kf3 52. Kd3 1-0

[Event "WW Open"]
[Site "?"]
[Date "2017.11.19"]
[Round "4.12"]
[White "Smith, Lynda"]
[Black "Buttell, David"]
[Result "1-0"]
[WhiteElo "1967"]
[BlackElo "1913"]
[PlyCount "137"]
[EventDate "2017.12.01"]
[SourceDate "2017.12.01"]

1. e4 c5 2. Nc3 Nc6 3. g3 g6 4. Bg2 Bg7 5. d3 d6 6. Be3 e5 7. Qd2 Rb8 8. Nd5
Be6 9. h4 h5 10. c3 Bxd5 11. exd5 Nce7 12. Qd1 b5 13. Ne2 f5 14. d4 cxd4 15.
cxd4 e4 16. Nf4 Bh6 17. O-O Bxf4 18. Bxf4 Nxd5 19. Bg5 Nde7 20. d5 Nh6 21. Bf6
Rg8 22. f3 exf3 23. Bxf3 Kf7 24. Bd4 Qd7 25. Qd2 Ng4 26. Rae1 Ne5 27. Bxe5 dxe5
28. Rxe5 Qd6 29. Qe3 Rge8 30. Re1 Qb6 31. Qxb6 Rxb6 32. Kf2 Kf6 33. Re6+ Rxe6
34. Rxe6+ Kf7 35. Ra6 Nc8 36. Be2 b4 37. Ra4 Re4 38. b3 f4 39. Bf3 Rd4 40. gxf4
Rxf4 41. Kg3 Rd4 42. a3 Nd6 43. Rxb4 Nf5+ 44. Kh3 Rd3 45. Kg2 Ne3+ 46. Kf2 Nxd5
47. Bxd5+ Rxd5 48. Rb7+ Kf6 49. Rxa7 g5 50. hxg5+ Kxg5 51. b4 Kg4 52. Rg7+ Kf4
53. Rf7+ Kg4 54. Ke3 h4 55. Rg7+ Kh3 56. a4 Kh2 57. a5 h3 58. a6 Kh1 59. a7 Rd8
60. b5 h2 61. b6 Rd3+ 62. Kf4 Rf3+ 63. Ke5 Rf5+ 64. Kd6 Rd5+ 65. Kc7 Rc5+ 66.
Kb7 Rc8 67. Rh7 Rg8 68. Rxh2+ Kxh2 69. a8=Q 1-0

[Event "WW Open"]
[Site "?"]
[Date "2017.11.19"]
[Round "4.13"]
[White "Denham, Colin"]
[Black "Probert, Malcolm"]
[Result "1-0"]
[WhiteElo "1643"]
[BlackElo "1641"]
[PlyCount "71"]
[EventDate "2017.12.01"]
[SourceDate "2017.12.01"]

1. e4 g6 2. d4 Bg7 3. Nc3 c6 4. Nf3 d5 5. e5 Nh6 6. h3 O-O 7. Bd3 Bf5 8. Be3
Qb6 9. Bxf5 Nxf5 10. Rb1 e6 11. Qd2 Nd7 12. b4 Nxe3 13. Qxe3 Qc7 14. O-O Nb6
15. Nd2 Rfd8 16. Rb2 Bf8 17. f4 Bh6 18. g4 Re8 19. g5 Bg7 20. h4 Nc8 21. Ne2 h5
22. Qc3 Ne7 23. Ng3 Bf8 24. Nb3 b6 25. a3 Nc8 26. Qd3 a5 27. bxa5 bxa5 28. Nd2
Bxa3 29. Qxa3 Na7 30. Qc3 Rec8 31. Qc5 Nb5 32. Ne2 Rcb8 33. Rfb1 Rc8 34. c4
dxc4 35. Nxc4 Qa7 36. Nb6 1-0

[Event "WW Open"]
[Site "?"]
[Date "2017.11.19"]
[Round "5.1"]
[White "Kett, Tim"]
[Black "Musson, Adam"]
[Result "1/2-1/2"]
[WhiteElo "2269"]
[BlackElo "2121"]
[PlyCount "23"]
[EventDate "2017.12.01"]
[SourceDate "2017.12.01"]

1. e4 e5 2. Nf3 Nc6 3. Bb5 a6 4. Ba4 d6 5. d4 b5 6. Bb3 Nxd4 7. Nxd4 exd4 8. c3
dxc3 9. Qd5 Be6 10. Qc6+ Bd7 11. Qd5 Be6 12. Qc6+ 1/2-1/2

[Event "WW Open"]
[Site "?"]
[Date "2017.11.19"]
[Round "5.2"]
[White "Brown, Tom"]
[Black "Heap, Gerry"]
[Result "0-1"]
[WhiteElo "2117"]
[BlackElo "2132"]
[PlyCount "96"]
[EventDate "2017.12.01"]
[SourceDate "2017.12.01"]

1. d4 Nf6 2. c4 e6 3. Nc3 Bb4 4. f3 O-O 5. a3 Bxc3+ 6. bxc3 Ne8 7. e4 b6 8. Bd3
Ba6 9. Nh3 Qh4+ 10. Nf2 Nc6 11. O-O Na5 12. c5 Bxd3 13. Nxd3 d6 14. Bf4 Rd8 15.
cxb6 cxb6 16. Rc1 Qe7 17. Nb4 Rc8 18. d5 e5 19. Be3 Qc7 20. c4 Qd7 21. Qd3 f5
22. Rc2 fxe4 23. Qxe4 Qf5 24. Qh4 Nf6 25. Rc3 Rf7 26. Rfc1 h6 27. g4 Qg6 28.
Kh1 e4 29. g5 exf3 30. Qh3 Nd7 31. gxh6 Qg2+ 32. Qxg2 fxg2+ 33. Kxg2 g6 34. Bd4
Kh7 35. Kh1 Rf4 36. Re1 Rxd4 37. Re7+ Kxh6 38. Rxd7 Nxc4 39. Rh3+ Kg5 40. Rg3+
Rg4 41. Rxa7 Ne3 42. h4+ Kf4 43. Rxg4+ Kxg4 44. Rg7 Kh3 45. Rxg6 Ng4 46. Nd3
Rf8 47. Kg1 Rf3 48. Ne1 Rg3+ 0-1

[Event "WW Open"]
[Site "?"]
[Date "2017.11.19"]
[Round "5.3"]
[White "Bevan, Peter"]
[Black "Zeidler, Sven"]
[Result "0-1"]
[WhiteElo "1965"]
[BlackElo "2169"]
[PlyCount "60"]
[EventDate "2017.12.01"]
[SourceDate "2017.12.01"]

1. c4 f5 2. g3 Nf6 3. Nc3 g6 4. d3 e5 5. Bg2 d6 6. e4 Nc6 7. exf5 Bxf5 8. h3
Qd7 9. g4 Be6 10. Nge2 Bg7 11. Be3 O-O 12. O-O Rae8 13. b3 h5 14. g5 Nh7 15. h4
Bh3 16. f3 Nd4 17. Ng3 Bxg2 18. Kxg2 Ne6 19. Nge2 Rf7 20. d4 exd4 21. Nxd4 Bxd4
22. Bxd4 Nf4+ 23. Kf2 Qh3 24. Ne4 Qxh4+ 25. Ke3 Nxg5 26. Rg1 Nfh3 27. Bf6 Rxf6
28. Qd5+ Kg7 29. Rxg5 Qxg5+ 30. Qxg5 Nxg5 0-1

[Event "WW Open"]
[Site "?"]
[Date "2017.11.19"]
[Round "5.4"]
[White "Jones, Ian"]
[Black "Young, Alan"]
[Result "1/2-1/2"]
[WhiteElo "2000"]
[BlackElo "2101"]
[PlyCount "27"]
[EventDate "2017.12.01"]
[SourceDate "2017.12.01"]

1. e4 e5 2. Nf3 Nc6 3. Nc3 Nf6 4. g3 Bc5 5. Bg2 d6 6. d3 Nd4 7. h3 c6 8. Nxd4
Bxd4 9. Qf3 h6 10. Nd1 Be6 11. c3 Bb6 12. Be3 Bc7 13. Qe2 Qe7 14. f4 1/2-1/2

[Event "WW Open"]
[Site "?"]
[Date "2017.11.19"]
[Round "5.5"]
[White "Heaven, Pete"]
[Black "van Veelen, Thomas"]
[Result "1/2-1/2"]
[WhiteElo "2088"]
[BlackElo "1993"]
[PlyCount "118"]
[EventDate "2017.12.01"]
[SourceDate "2017.12.01"]

1. e4 e6 2. d4 d5 3. Nc3 Bb4 4. exd5 exd5 5. Bd3 Nc6 6. Nge2 Be6 7. O-O Nf6 8.
f4 Bg4 9. h3 Bxe2 10. Nxe2 Qd7 11. Ng3 Ne7 12. c3 Bd6 13. Qc2 O-O 14. Nf5 Nxf5
15. Bxf5 Qe7 16. Bd2 c5 17. Rae1 Qc7 18. Be3 c4 19. Qd1 Rfe8 20. Qf3 Re7 21.
Bd2 Rae8 22. g3 g6 23. Bc2 Ne4 24. Bxe4 Rxe4 25. Rxe4 Rxe4 26. Kf2 f5 27. Re1
Qe7 28. Re2 Rxe2+ 29. Qxe2 Qxe2+ 30. Kxe2 b5 31. Kf3 Kf7 32. Be1 Ke6 33. Ke2 a5
34. a3 Kd7 35. Kf3 Kc6 36. Ke2 b4 37. axb4 axb4 38. Kd1 Kb5 39. Kc2 Ka4 40. Bf2
h6 41. h4 Be7 42. Be3 Kb5 43. Bd2 Ka4 44. Be3 Kb5 45. Bd2 Kc6 46. Kd1 Kd7 47.
Ke2 bxc3 48. bxc3 Ke6 49. Bc1 Kf6 50. Kf2 Kg7 51. Kf3 Kf7 52. Kf2 Bd6 53. Kf3
Kg7 54. Kf2 Bc7 55. Kf3 Ba5 56. Bd2 Kf6 57. Kf2 Ke6 58. Ke2 Kd7 59. Kd1 Ke6
1/2-1/2

[Event "WW Open"]
[Site "?"]
[Date "2017.11.19"]
[Round "5.6"]
[White "Guy, David"]
[Black "Pleasants, Allan"]
[Result "1/2-1/2"]
[WhiteElo "1850"]
[BlackElo "2198"]
[PlyCount "35"]
[EventDate "2017.12.01"]
[SourceDate "2017.12.01"]

1. d4 g6 2. c4 Bg7 3. Nc3 d6 4. Nf3 Nf6 5. e4 O-O 6. h3 Nfd7 7. Be2 Nc6 8. O-O
e5 9. Be3 Ne7 10. dxe5 Nxe5 11. Nd4 N5c6 12. Qd2 Nxd4 13. Bxd4 Bxd4 14. Qxd4
Nc6 15. Qd2 Be6 16. b3 Qf6 17. Rad1 Qg7 18. Nd5 1/2-1/2

[Event "WW Open"]
[Site "?"]
[Date "2017.11.19"]
[Round "5.7"]
[White "Hewitt, William"]
[Black "McCarthy, Moss"]
[Result "1-0"]
[WhiteElo "2110"]
[BlackElo "1950"]
[PlyCount "41"]
[EventDate "2017.12.01"]
[SourceDate "2017.12.01"]

1. e4 e5 2. Nf3 Nc6 3. d4 exd4 4. Nxd4 Bc5 5. Nxc6 Qf6 6. Qf3 bxc6 7. Nd2 Qxf3
8. gxf3 d5 9. Nb3 Bd6 10. Be3 Nf6 11. Nd2 O-O 12. O-O-O Re8 13. Bd3 Bh3 14.
Rhg1 Kf8 15. c4 Nh5 16. cxd5 cxd5 17. Bb5 c6 18. Bxc6 Rec8 19. exd5 Nf4 20. Kb1
Bf5+ 21. Ka1 1-0

[Event "WW Open"]
[Site "?"]
[Date "2017.11.19"]
[Round "5.8"]
[White "May, Adam"]
[Black "James, Dai"]
[Result "1/2-1/2"]
[WhiteElo "2036"]
[BlackElo "1893"]
[PlyCount "49"]
[EventDate "2017.12.01"]
[SourceDate "2017.12.01"]

1. c4 f5 2. g3 Nf6 3. Bg2 g6 4. Nc3 Bg7 5. d3 O-O 6. e4 d6 7. exf5 gxf5 8. Nge2
e5 9. Bg5 c6 10. Qd2 Qe8 11. O-O Qh5 12. f4 Be6 13. Rab1 Nbd7 14. Rfe1 Ng4 15.
h3 Ngf6 16. b4 e4 17. Nd4 Rae8 18. Bxf6 Nxf6 19. Nxe6 Rxe6 20. b5 d5 21. bxc6
bxc6 22. cxd5 Nxd5 23. Nxd5 cxd5 24. dxe4 dxe4 25. Rb5 1/2-1/2

[Event "WW Open"]
[Site "?"]
[Date "2017.11.19"]
[Round "5.9"]
[White "Howells, Chris"]
[Black "Gibbons, Andrew"]
[Result "1/2-1/2"]
[WhiteElo "1909"]
[BlackElo "2010"]
[PlyCount "34"]
[EventDate "2017.12.01"]
[SourceDate "2017.12.01"]

1. d4 Nf6 2. c4 e6 3. Nf3 Bb4+ 4. Nbd2 b6 5. g3 Bb7 6. Bg2 O-O 7. O-O d5 8. Ne5
Nbd7 9. Ndf3 Be7 10. Qa4 c5 11. Nc6 Bxc6 12. Qxc6 Rc8 13. Qa4 dxc4 14. Qxc4
cxd4 15. Qxd4 Nc5 16. Qxd8 Rfxd8 17. Ne5 Nd5 1/2-1/2